Words That End in "Tude" - Statistics

General Stats
  • This quiz has been taken 37 times
    16 since last reset
  • The average score is 7 of 54
Answer Stats
Letter Word % Correct
A Attitude
77%
L Latitude
77%
S Solitude
69%
A Altitude
62%
G Gratitude
54%
L Longitude
54%
A Amplitude
46%
M Magnitude
46%
A Aptitude
38%
F Fortitude
38%
M Multitude
31%
P Platitude
31%
V Verisimilitude
15%
B Beatitude
8%
L Lassitude
8%
N Negritude
8%
Q Quietude
8%
R Rectitude
8%
S Solicitude
8%
V Vicissitude
8%
C Certitude
0%
C Colatitude
0%
C Conseutude
0%
C Correctitude
0%
C Crassitude
0%
D Decrepitude
0%
D Definitude
0%
D Deuetude
0%
D Disquietude
0%
D Dissimilitude
0%
E Exactitude
0%
F Finitude
0%
H Habitude
0%
H Hebetude
0%
I Inaptitude
0%
I Incertitude
0%
I Inexactitude
0%
I Infinitude
0%
I Ingratitude
0%
I Inquietude
0%
M Mansuetude
0%
M Midlatitude
0%
N Nigritude
0%
O Oversolicitude
0%
P Paleolatitude
0%
P Pleantitude
0%
P Plentitude
0%
P Promptitude
0%
P Pulchritude
0%
S Sanctitude
0%
S Senectitude
0%
S Servitude
0%
T Turpitude
0%
V Vastitude
0%
No matching quizzes found
Score Distribution
Percent of People with Each Score
Percentile by Number Answered
Your Score History
You have not taken this quiz since the last reset